All Franchise Names in NFL History - Statistics

General Stats
  • This quiz has been taken 116 times
  • The average score is 34 of 78
Answer Stats
Location(s) Team Name % Correct
San Francisco 49ers
97%
Buffalo Bills
97%
Cleveland/Los Angeles/St. Louis Rams
87%
Cincinnati Bengals
82%
Arizona/Chicago/Phoenix/Racine/St. Louis Cardinals
82%
Chicago Bears
80%
Cleveland Browns
80%
Cincinnati Reds
80%
Los Angeles/San Diego Chargers
79%
Brooklyn/Detroit Lions
79%
Kansas City Chiefs
78%
Green Bay Packers
78%
Miami Dolphins
77%
Boston/Washington Redskins
77%
Seattle Seahawks
77%
Denver Broncos
76%
Baltimore/Indianapolis Colts
76%
Jacksonville Jaguars
76%
Pittsburgh Steelers
76%
Evansville Crimson Giants
75%
New York Giants
75%
New York Jets
75%
Boston/New England Patriots
75%
Washington Commanders
74%
Houston/Tennessee Oilers
74%
Philadelphia Eagles
73%
Dallas/Houston Texans
73%
New York/Tennessee Titans
73%
Minnesota Vikings
72%
Atlanta Falcons
71%
Las Vegas/Los Angeles/Oakland Raiders
71%
Baltimore Ravens
71%
Los Angeles/Tampa Bay Buccaneers
69%
New Orleans Saints
67%
Carolina/Detroit Panthers
65%
Dallas/Kansas City Cowboys
64%
Washington Football Team
44%
Brooklyn/Chicago/Columbus/Detroit Tigers
42%
Brooklyn Dodgers
37%
Chicago/Decatur Staleys
35%
Boston Braves
33%
Boston/Canton/Cleveland/New York Bulldogs
33%
Hartford/Kansas City Blues
31%
Pittsburgh Pirates
31%
New York Yankees
27%
Akron/Cleveland Indians
22%
LaRue Oorang Indians
22%
Akron/Hammond Pros
22%
Washington Senators
18%
Buffalo Bisons
17%
Buffalo Rangers
17%
Providence Steam Roller
17%
Dayton Triangles
17%
Boston/New York Yanks
15%
Frankford Yellow Jackets
15%
Duluth Eskimos
13%
Orange/Newark/Racine Tornadoes
12%
Muncie Flyers
11%
Tonawanda Kardex
11%
Buffalo All-Americans
9%
Kenosha/Pottsville/Toledo Maroons
9%
Columbus Panhandles
9%
Staten Island Stapletons
8%
Detroit Wolverines
8%
Milwaukee Badgers
7%
Rock Island Independents
7%
Rochester Jeffersons
7%
St. Louis All-Stars
6%
St. Louis Gunners
6%
Duluth Kelleys
6%
Racine Legion
6%
Louisville Brecks
5%
Cincinnati Celts
5%
Louisville Colonels
5%
Detroit Heralds
5%
Minneapolis Red Jackets
4%
Staten Island Stapes
4%
Minneapolis Marines
3%
No matching quizzes found
Score Distribution
Percent of People with Each Score
Percentile by Number Answered
Your Score History
You have not taken this quiz